[Event "Deltalift op"]
[Site "Tylosand"]
[Date "2022.05.26"]
[Round "2"]
[White "Karlsson, Jorgen"]
[Black "Hector, Jonny"]
[Result "0-1"]
[WhiteElo "2008"]
[BlackElo "2445"]
[PlyCount "58"]
[EventDate "2022.05.26"]
[EventType "swiss"]
[EventRounds "8"]
[EventCountry "SWE"]
[SourceTitle "CBM 208 Extra"]
[Source "ChessBase"]
[SourceDate "2022.07.31"]
[SourceVersion "1"]
[SourceVersionDate "2022.07.31"]
[SourceQuality "1"]

1. d4 d5 2. Bf4 c5 3. e3 Nc6 4. Nf3 Nf6 5. c3 Qb6 6. b3 Bf5 7. Bd3 Bxd3 8. Qxd3 e6 9. 0-0 Rc8 10. Nbd2 cxd4 11. exd4 Be7 12. a4 a5 13. Qb5 Qa7 14. h3 0-0 15. Rfc1 Rfd8 16. Ne1 Ne4 17. Qd3 e5 18. Be3 exd4 19. Bxd4 Nxd4 20. cxd4 f5 21. f3 Nxd2 22. Qxd2 Bf6 23. Rd1 Qb6 24. Rab1 Qb4 25. Nc2 Qc3 26. Qxc3 Rxc3 27. Na3 Bh4 28. Kf1 Re8 29. Rd2 Rxb3 0-1

[Event "Norrkoeping Easter op"]
[Site "Norrkoeping"]
[Date "2022.04.15"]
[Round "3"]
[White "Karlsson, Jorgen"]
[Black "Poley, Vladimir"]
[Result "0-1"]
[WhiteElo "2009"]
[BlackElo "2327"]
[PlyCount "84"]
[EventDate "2022.04.15"]
[EventType "swiss"]
[EventRounds "8"]
[EventCountry "SWE"]
[SourceTitle "CBM 207 Extra"]
[Source "ChessBase"]
[SourceDate "2022.05.31"]
[SourceVersion "1"]
[SourceVersionDate "2022.05.31"]
[SourceQuality "1"]

1. d4 g6 2. Nf3 Bg7 3. Nc3 c6 4. e4 d5 5. e5 Nh6 6. h3 f6 7. Bf4 Nf7 8. exf6 exf6 9. Bd3 0-0 10. 0-0 Re8 11. Re1 Be6 12. Qd2 Nd7 13. Re2 Nf8 14. Rae1 g5 15. Bg3 Bh6 16. Nh2 Qd7 17. Ng4 Bg7 18. f4 f5 19. Ne5 Nxe5 20. fxe5 f4 21. Bf2 Bxh3 22. e6 Bxe6 23. Nd1 Bf7 24. Rxe8 Rxe8 25. Rxe8 Qxe8 26. Qe2 Qxe2 27. Bxe2 Ne6 28. c3 Bg6 29. g4 fxg3 30. Bxg3 h5 31. Nf2 g4 32. Nd3 Bh6 33. Ne5 Bf5 34. Bd3 Bxd3 35. Nxd3 Bg5 36. a4 Kg7 37. Kf2 Kf6 38. Ke2 Kf5 39. Bb8 a6 40. Bd6 h4 41. b3 h3 42. Bg3 Nf4+ 0-1

[Event "Vaxjo op"]
[Site "Vaxjo"]
[Date "2020.02.09"]
[Round "7"]
[White "Karlsson, Jorgen"]
[Black "Crevatin, Leo"]
[Result "0-1"]
[WhiteElo "2044"]
[BlackElo "2219"]
[PlyCount "140"]
[EventDate "2020.02.07"]
[EventType "swiss"]
[EventRounds "8"]
[EventCountry "SWE"]
[SourceTitle "CBM 194 Extra"]
[Source "ChessBase"]
[SourceDate "2020.03.31"]
[SourceVersion "1"]
[SourceVersionDate "2020.03.31"]
[SourceQuality "1"]

1. d4 d5 2. Nc3 Nf6 3. Bg5 Nbd7 4. Nf3 h6 5. Bh4 a6 6. Qd3 c5 7. e4 cxd4 8. Bxf6 Nxf6 9. Qxd4 dxe4 10. Qxd8+ Kxd8 11. Ne5 Be6 12. 0-0-0+ Kc7 13. Bc4 Bxc4 14. Nxc4 e6 15. Nd2 e3 16. fxe3 Ng4 17. Rde1 Bc5 18. Nd1 Rad8 19. Rhf1 f6 20. h3 Ne5 21. Rf4 Rd7 22. Nb3 Bb6 23. a4 Rhd8 24. Nc3 Kb8 25. Rb4 Kc7 26. a5 Ba7 27. Kb1 Kb8 28. Re4 Rc8 29. Rd1 Rxd1+ 30. Nxd1 Rc4 31. Nd4 Bxd4 32. exd4 Nc6 33. Rxe6 Rxd4 34. Kc1 Rd5 35. Ne3 Rxa5 36. g4 Ra1+ 37. Kd2 Rh1 38. Re8+ Ka7 39. Rg8 g5 40. Rf8 Rh2+ 41. Kd3 Rxh3 42. Rxf6 Ne5+ 43. Kd4 Rxe3 44. Rxh6 Nxg4 45. Rg6 Ne5 46. Re6 Re2 47. Rxe5 Rxc2 48. b4 g4 49. Rg5 Rg2 50. b5 a5 51. Kc3 Kb6 52. Kc4 Rc2+ 53. Kb3 Rc5 54. Rxg4 Kxb5 55. Rg7 b6 56. Rg3 Rf5 57. Rc3 a4+ 58. Ka3 Ka5 59. Re3 b5 60. Re8 b4+ 61. Kb2 Rf2+ 62. Kb1 a3 63. Re5+ Ka4 64. Re4 Rb2+ 65. Ka1 Rc2 66. Rf4 Kb3 67. Rf1 Rc4 68. Rf3+ Ka4 69. Kb1 b3 70. Rg3 a2+ 0-1

[Event "Gibraltar Challengers op-B"]
[Site "Caleta"]
[Date "2020.01.27"]
[Round "4"]
[White "Patola, Eero"]
[Black "Karlsson, Jorgen"]
[Result "0-1"]
[WhiteElo "1831"]
[BlackElo "2054"]
[PlyCount "152"]
[EventDate "2020.01.25"]
[EventType "swiss"]
[EventRounds "5"]
[EventCountry "GGB"]
[SourceTitle "CBM 194 Extra"]
[Source "ChessBase"]
[SourceDate "2020.03.31"]
[SourceVersion "1"]
[SourceVersionDate "2020.03.31"]
[SourceQuality "1"]

1. c4 e5 2. Nc3 Nc6 3. g3 Bc5 4. Bg2 a6 5. d3 Nf6 6. h3 d6 7. Nf3 h6 8. 0-0 Be6 9. a3 Qd7 10. Kh2 g5 11. b4 Ba7 12. b5 axb5 13. Nxb5 Bb6 14. Be3 Ba5 15. Rc1 g4 16. Ng1 gxh3 17. Bxh3 Bxh3 18. Nxh3 Ng4+ 19. Kg2 d5 20. Bd2 d4 21. e3 Bxd2 22. Qxd2 f5 23. exd4 Nxd4 24. Nxd4 Qxd4 25. Qc3 c5 26. Qxd4 cxd4 27. Rb1 Rxa3 28. Rxb7 0-0 29. Rd1 Ra2 30. Kg1 Rfa8 31. Rdb1 Ra1 32. c5 Rxb1+ 33. Rxb1 Kf7 34. f3 Ne3 35. Nf2 Rc8 36. Rc1 h5 37. Kh2 Ke6 38. Kh3 Rc6 39. Kh4 Kf6 40. g4 hxg4 41. fxg4 f4 42. Ne4+ Kg6 43. Rb1 Nd5 44. g5 Rc8 45. Kg4 Rh8 46. Nf2 Ne3+ 47. Kf3 Kxg5 48. Ke4 Rh2 49. Rg1+ Kf6 50. Kf3 Kf5 51. c6 Rh7 52. Rc1 Nd5 53. Rc5 Ke6 54. Ke4 Nf6+ 55. Kf3 Kd6 56. Rb5 Re7 57. Rb6 Rc7 58. Ne4+ Nxe4 59. Kxe4 Rxc6 60. Rb5 Rc5 61. Rb6+ Kc7 62. Re6 Kd7 63. Rf6 Rc6 64. Rf5 Re6 65. Kd5 Re8 66. Rf7+ Re7 67. Rf5 Kc7 68. Rf6 e4 69. dxe4 d3 70. Rc6+ Kd8 71. Rc1 Ke8 72. e5 d2 73. Rd1 f3 74. Ke4 f2 75. Ke3 Rf7 76. Ke2 f1Q+ 0-1

[Event "Gibraltar Challengers op-A"]
[Site "Caleta"]
[Date "2020.01.22"]
[Round "3"]
[White "Ankitha, Goud Palle"]
[Black "Karlsson, Jorgen"]
[Result "1-0"]
[WhiteElo "1761"]
[BlackElo "2054"]
[PlyCount "83"]
[EventDate "2020.01.20"]
[EventType "swiss"]
[EventRounds "5"]
[EventCountry "GGB"]
[SourceTitle "CBM 194 Extra"]
[Source "ChessBase"]
[SourceDate "2020.03.31"]
[SourceVersion "1"]
[SourceVersionDate "2020.03.31"]
[SourceQuality "1"]

1. Nf3 g6 2. d4 d6 3. c4 Bg7 4. Nc3 Bg4 5. e3 Nf6 6. Be2 0-0 7. 0-0 Na6 8. a3 c5 9. d5 Nc7 10. e4 a6 11. a4 b6 12. h3 Bd7 13. e5 dxe5 14. Nxe5 Nfe8 15. Bf4 Nd6 16. Bd3 Nce8 17. Re1 Nf6 18. Qd2 Re8 19. Bh6 Bh8 20. Qg5 Nf5 21. Bxf5 Bxf5 22. Re3 Nh5 23. Nc6 Bf6 24. Nxd8 Bxg5 25. Bxg5 Raxd8 26. g4 f6 27. Bh6 e5 28. gxh5 Kf7 29. Rg3 Rg8 30. hxg6+ Rxg6 31. Rxg6 Kxg6 32. Be3 a5 33. f4 Bxh3 34. fxe5 fxe5 35. Ne4 Bf5 36. Nd2 Bd3 37. Kh2 Rd6 38. Rg1+ Kf7 39. Nf3 Kf6 40. Bg5+ Kf5 41. Nh4+ Ke4 42. Rg4# 1-0

[Event "Karlstad op"]
[Site "Karlstad"]
[Date "2019.12.28"]
[Round "5"]
[White "Vernersson, Per"]
[Black "Karlsson, Jorgen"]
[Result "1-0"]
[WhiteElo "2264"]
[BlackElo "2054"]
[PlyCount "105"]
[EventDate "2019.12.27"]
[EventType "swiss"]
[EventRounds "8"]
[EventCountry "SWE"]
[SourceTitle "CBM 195 Extra"]
[Source "ChessBase"]
[SourceDate "2020.05.31"]
[SourceVersion "1"]
[SourceVersionDate "2020.05.31"]
[SourceQuality "1"]

1. d4 g6 2. e4 Bg7 3. c4 d6 4. Nc3 Nc6 5. Be3 e5 6. d5 Nce7 7. Qd2 f5 8. f3 Nf6 9. 0-0-0 b6 10. Bd3 a5 11. Bh6 0-0 12. Bxg7 Kxg7 13. exf5 gxf5 14. Nge2 Bd7 15. Ng3 Qe8 16. Kb1 Qg6 17. f4 e4 18. Be2 h5 19. Rhg1 Kh7 20. Nf1 Qh6 21. g3 Rg8 22. Ne3 Rg6 23. Ng2 Rf8 24. Rdf1 Rg7 25. Nd1 Ng6 26. Nf2 Re7 27. Nh3 e3 28. Nxe3 Rfe8 29. Ng5+ Kg8 30. Rf3 Ng4 31. Nxg4 fxg4 32. Rf2 Bf5+ 33. Bd3 Qf8 34. Ne6 Qf6 35. Qc2 Bxd3 36. Qxd3 c6 37. Re2 c5 38. Rge1 Nf8 39. Kc1 a4 40. a3 Ng6 41. Qc2 Ra8 42. Ng5 Rxe2 43. Rxe2 Nf8 44. Qe4 Ra7 45. h4 Rb7 46. Ne6 Ng6 47. Qd3 Ne7 48. Nd8 Rd7 49. Nc6 Nf5 50. Re8+ Kg7 51. Re6 Qf8 52. Qc3+ Nd4 53. Nxd4 1-0

[Event "Hasselbacken op"]
[Site "Stockholm"]
[Date "2019.11.02"]
[Round "5"]
[White "Dudin, Gleb"]
[Black "Karlsson, Jorgen"]
[Result "1-0"]
[WhiteElo "2337"]
[BlackElo "2072"]
[PlyCount "79"]
[EventDate "2019.11.01"]
[EventType "swiss"]
[EventRounds "8"]
[EventCountry "SWE"]
[SourceTitle "CBM 192 Extra"]
[Source "Chessbase"]
[SourceDate "2019.11.06"]
[SourceVersion "1"]
[SourceVersionDate "2019.11.06"]
[SourceQuality "1"]

1. d4 g6 2. c4 Bg7 3. Nc3 d6 4. e4 Nc6 5. Be3 e5 6. Nge2 f5 7. exf5 Bxf5 8. d5 Nce7 9. Qd2 Nf6 10. f3 c6 11. g4 Bd7 12. h4 cxd5 13. cxd5 Qa5 14. Rd1 0-0 15. Ng3 Rac8 16. Be2 b5 17. a3 a6 18. 0-0 h5 19. Bg5 Rce8 20. Nce4 Qxd2 21. Rxd2 Nexd5 22. gxh5 gxh5 23. Nxf6+ Nxf6 24. Rxd6 Bc8 25. Rc1 e4 26. Rc7 Re6 27. Rcc6 Rxd6 28. Rxd6 exf3 29. Bxf3 Ng4 30. Bd5+ Kh8 31. Nxh5 Bd4+ 32. Kh1 Bxb2 33. Nf4 Bf5 34. Rxa6 Be5 35. Rb6 Rd8 36. Bxd8 Bxf4 37. Bg5 Bxg5 38. hxg5 Nf2+ 39. Kg2 Nh3 40. Rh6+ 1-0

[Event "Hasselbacken op"]
[Site "Stockholm"]
[Date "2019.11.01"]
[Round "4"]
[White "Sorensen, Hampus"]
[Black "Karlsson, Jorgen"]
[Result "1-0"]
[WhiteElo "2365"]
[BlackElo "2072"]
[PlyCount "153"]
[EventDate "2019.11.01"]
[EventType "swiss"]
[EventRounds "8"]
[EventCountry "SWE"]
[SourceTitle "CBM 192 Extra"]
[Source "Chessbase"]
[SourceDate "2019.11.06"]
[SourceVersion "1"]
[SourceVersionDate "2019.11.06"]
[SourceQuality "1"]

1. Nf3 g6 2. e4 Bg7 3. d4 d6 4. Bc4 e6 5. 0-0 Ne7 6. c3 h6 7. Nbd2 0-0 8. Re1 e5 9. Nf1 Nbc6 10. h3 Na5 11. Bd3 c5 12. dxc5 dxc5 13. Ne3 Be6 14. Ng4 Bxg4 15. hxg4 Qd7 16. Nh2 Rad8 17. Bc2 Qxd1 18. Bxd1 Nec6 19. Be2 b6 20. Nf1 Nb7 21. f3 Nd6 22. Ne3 Ne7 23. Nc2 f5 24. gxf5 gxf5 25. exf5 Ndxf5 26. Ne3 Nxe3 27. Bxe3 Nf5 28. Bf2 Rd2 29. Bc4+ Kh8 30. Re2 Rxe2 31. Bxe2 Rd8 32. Rd1 Bf6 33. Rxd8+ Bxd8 34. Bd3 Nd6 35. Bg3 Bf6 36. Kf1 Kg7 37. Ke2 Kf7 38. Bf2 Bg5 39. b3 Ke6 40. Bh7 Kf7 41. Kd3 Bf4 42. a4 Bc1 43. Be4 Ke6 44. Bc6 Bg5 45. a5 Bd8 46. a6 h5 47. b4 cxb4 48. cxb4 h4 49. Be4 Nb5 50. Bc6 Nd6 51. Kc3 Kf5 52. Be3 e4 53. fxe4+ Nxe4+ 54. Kd3 Nd6 55. Bg1 Bc7 56. Bh2 Ke6 57. Bg1 Nf7 58. Bb7 Bd8 59. Bf2 Nd6 60. Bc6 Nf7 61. Ke4 h3 62. gxh3 Ng5+ 63. Ke3 Nxh3 64. Bg3 b5 65. Kd3 Bb6 66. Bxb5 Ng5 67. Bf4 Nf3 68. Bc4+ Kd7 69. Bd5 Nh4 70. Be4 Ke6 71. Be3 Bxe3 72. Kxe3 Kd6 73. Kf4 Kc7 74. Kg4 Kb6 75. Kxh4 Kxa6 76. Bd3+ Kb6 77. b5 1-0

[Event "Gothenburg Kvibergspelen 09"]
[Site "Gothenburg"]
[Date "2019.09.28"]
[Round "5"]
[White "Sidorchuk, Dmitry"]
[Black "Karlsson, Jorgen"]
[Result "1-0"]
[WhiteElo "2266"]
[BlackElo "2088"]
[PlyCount "70"]
[EventDate "2019.09.27"]
[EventType "swiss"]
[EventRounds "8"]
[EventCountry "SWE"]
[SourceTitle "EXT 2020"]
[Source "ChessBase"]
[SourceDate "2019.10.17"]
[SourceVersion "1"]
[SourceVersionDate "2019.10.17"]
[SourceQuality "1"]

1. d4 g6 2. c4 Bg7 3. Nf3 d6 4. Nc3 Nf6 5. e4 0-0 6. Be2 Bg4 7. Ng1 Bd7 8. Be3 e5 9. d5 Ne8 10. g4 f5 11. h4 f4 12. Bd2 h6 13. h5 Qf6 14. Qb3 b6 15. 0-0-0 a5 16. hxg6 Qxg6 17. Nf3 Na6 18. Rdg1 Nc5 19. Qc2 Nf6 20. g5 hxg5 21. Rxg5 Qe8 22. Rhg1 Rf7 23. Nh4 a4 24. Kb1 Qc8 25. Be1 c6 26. f3 Ra7 27. Bf1 cxd5 28. cxd5 a3 29. Bb5 axb2 30. Bxd7 Rfxd7 31. Nf5 Ne8 32. Qh2 Qa6 33. Rh1 Qd3+ 34. Kxb2 Kf8 35. Rh5 Nf6 1-0

[Event "Gothenburg Kvibergspelen"]
[Site "Gothenburg"]
[Date "2019.05.10"]
[Round "4"]
[White "Karlsson, Jorgen"]
[Black "Cramling, Pia"]
[Result "0-1"]
[WhiteElo "2119"]
[BlackElo "2454"]
[PlyCount "71"]
[EventDate "2019.05.10"]
[EventType "swiss"]
[EventRounds "8"]
[EventCountry "SWE"]
[SourceTitle "CBM 190 Extra"]
[Source "ChessBase"]
[SourceDate "2019.07.15"]
[SourceVersion "1"]
[SourceVersionDate "2019.07.15"]
[SourceQuality "1"]

1. d4 Nf6 2. Bf4 b6 3. Nc3 Bb7 4. f3 d5 5. e3 e6 6. Bd3 Nh5 7. Nge2 Nxf4 8. Nxf4 Bd6 9. g3 Nd7 10. Qe2 c5 11. dxc5 bxc5 12. Ba6 Qb6 13. Bxb7 Qxb7 14. Qb5 Rb8 15. Qxb7 Rxb7 16. Nd1 Ke7 17. 0-0 c4 18. b3 Rc8 19. Ne2 Be5 20. Rc1 a5 21. Ndc3 Nc5 22. Rfd1 a4 23. bxc4 Nd7 24. Rb1 Rxb1 25. Nxb1 Rxc4 26. c3 Rc6 27. Rd2 Rb6 28. Na3 Bd6 29. Nc2 Rb2 30. Kf1 Ne5 31. Ned4 Rxa2 32. Re2 Rb2 33. e4 dxe4 34. Rxe4 Kd7 35. Re1 Nc4 36. Ra1 0-1

[Event "Deltalift op"]
[Site "Tylosand"]
[Date "2017.05.26"]
[Round "6"]
[White "Ziegler, Ari"]
[Black "Karlsson, Jorgen"]
[Result "1-0"]
[WhiteElo "2317"]
[BlackElo "2095"]
[PlyCount "93"]
[EventDate "2017.05.25"]
[EventType "swiss"]
[EventRounds "8"]
[EventCountry "SWE"]
[SourceTitle "CBM 178 Extra"]
[Source "ChessBase"]
[SourceDate "2017.06.22"]
[SourceVersion "1"]
[SourceVersionDate "2017.06.22"]
[SourceQuality "1"]

1. e4 g6 2. d4 Bg7 3. Nc3 a6 4. f4 d6 5. Nf3 b5 6. Be3 Nd7 7. d5 e5 8. dxe6 fxe6 9. f5 Ne7 10. Ng5 Nf8 11. f6 Bxf6 12. Qf3 Bxg5 13. Bxg5 h6 14. Bf6 Rh7 15. e5 d5 16. 0-0-0 Bd7 17. Bd3 c5 18. Rhf1 Rf7 19. Qg4 b4 20. Ne2 c4 21. Bxe7 Qxe7 22. Bxg6 Nxg6 23. Qxg6 Qg5+ 24. Qxg5 hxg5 25. Nd4 Rg7 26. Rf3 Ke7 27. Rg3 Rf8 28. h3 Be8 29. Re1 Rf4 30. c3 bxc3 31. bxc3 Bh5 32. Kb2 g4 33. Ka3 Bg6 34. Re2 Bf5 35. Rb2 Kf7 36. Rb7+ Kg8 37. Rxg7+ Kxg7 38. hxg4 Rxg4 39. Rxg4+ Bxg4 40. Kb4 Kf7 41. Ka5 Ke7 42. Kxa6 Bd1 43. Kb5 Kd7 44. a4 Bg4 45. Kb6 Kc8 46. a5 Kb8 47. a6 1-0

[Event "Deltalift op"]
[Site "Tylosand"]
[Date "2017.05.25"]
[Round "3"]
[White "Karlsson, Jorgen"]
[Black "Kucuksari, Kaan"]
[Result "0-1"]
[WhiteElo "2095"]
[BlackElo "2310"]
[PlyCount "126"]
[EventDate "2017.05.25"]
[EventType "swiss"]
[EventRounds "8"]
[EventCountry "SWE"]
[SourceTitle "CBM 178 Extra"]
[Source "ChessBase"]
[SourceDate "2017.06.22"]
[SourceVersion "1"]
[SourceVersionDate "2017.06.22"]
[SourceQuality "1"]

1. e4 c6 2. Nc3 d5 3. d4 dxe4 4. Nxe4 Bf5 5. Qf3 e6 6. Be3 Be7 7. Bd3 Nd7 8. Ne2 Ngf6 9. N2c3 Nxe4 10. Bxe4 Bxe4 11. Nxe4 Nf6 12. 0-0-0 Nxe4 13. Qxe4 Qd5 14. Qxd5 cxd5 15. Rd3 Kd7 16. a4 Rac8 17. Rb3 b6 18. Bd2 Rc4 19. a5 Rb8 20. axb6 axb6 21. Be3 b5 22. Rd1 b4 23. Rbd3 b3 24. R1d2 Ra8 25. Kb1 Rca4 26. cxb3 Ra1+ 27. Kc2 Bb4 28. Rc3 Bxc3 29. bxc3 R8a2+ 30. Kd3 Kc6 31. c4 Ra3 32. Rb2 dxc4+ 33. Kxc4 R3a2 34. Rxa2 Rxa2 35. h4 h5 36. g3 Rc2+ 37. Kd3 Rb2 38. Kc3 Rb1 39. Kc2 Rf1 40. Kd3 Kd5 41. Kc3 Ra1 42. Kb4 Ra8 43. Kc3 Ke4 44. b4 Rc8+ 45. Kb3 Kd5 46. f3 Rb8 47. Bf2 Rc8 48. Be3 Kc6 49. d5+ exd5 50. Kc3 Kb5+ 51. Kd4 Kxb4 52. Kxd5 Re8 53. Bd4 g6 54. g4 Kb3 55. gxh5 gxh5 56. Be5 Kc2 57. f4 Kd3 58. Bf6 Ke3 59. Bg5 f5 60. Bh6 Kf3 61. Bg5 Re4 62. Kd6 Kg4 63. Kd5 Rxf4 0-1

[Event "Vasteras op"]
[Site "Vasteras"]
[Date "2015.09.25"]
[Round "4"]
[White "Hedman, Erik"]
[Black "Karlsson, Jorgen"]
[Result "1-0"]
[WhiteElo "2355"]
[BlackElo "2164"]
[PlyCount "99"]
[EventDate "2015.09.25"]
[EventType "swiss"]
[EventRounds "8"]
[EventCountry "SWE"]
[SourceTitle "EXT 2016"]
[Source "ChessBase"]
[SourceDate "2015.10.08"]
[SourceVersion "1"]
[SourceVersionDate "2015.10.08"]
[SourceQuality "1"]

1. d4 g6 2. c4 Bg7 3. e4 d6 4. Nc3 Nf6 5. Nf3 0-0 6. Be2 Bg4 7. Ng1 Bd7 8. Be3 Na6 9. f4 c5 10. d5 Nc7 11. e5 Nfe8 12. Nf3 a6 13. 0-0 b5 14. b3 b4 15. Ne4 a5 16. h3 Na6 17. Bf2 Qc7 18. Bg3 Bf5 19. Bd3 f6 20. Rb1 a4 21. Qe2 axb3 22. axb3 Qb6 23. Kh1 Nb8 24. Nh4 Bxe4 25. Qxe4 f5 26. Qe2 Nc7 27. Nf3 h6 28. Nh4 Kh7 29. Bh2 e6 30. g4 exd5 31. gxf5 dxc4 32. bxc4 Nd7 33. Qg4 dxe5 34. Nxg6 e4 35. Nxf8+ Rxf8 36. Qg6+ Qxg6 37. fxg6+ Kxg6 38. Bxe4+ Kf7 39. Rg1 Bd4 40. Rg2 Ne6 41. Bd5 Kf6 42. Re1 Ng7 43. Rxg7 Kxg7 44. Re7+ Kf6 45. Rxd7 Re8 46. Kg2 Re2+ 47. Kg3 Re3+ 48. Kh4 b3 49. Rf7+ Kg6 50. f5# 1-0

[Event "Deltalift op"]
[Site "Tylosand"]
[Date "2015.05.15"]
[Round "6"]
[White "Fries Nielsen, Niels Jorgen"]
[Black "Karlsson, Jorgen"]
[Result "1/2-1/2"]
[WhiteElo "2343"]
[BlackElo "2161"]
[PlyCount "182"]
[EventDate "2015.05.14"]
[EventType "swiss"]
[EventRounds "8"]
[EventCountry "SWE"]
[SourceTitle "CBM 166 Extra"]
[Source "ChessBase"]
[SourceDate "2015.06.18"]
[SourceVersion "1"]
[SourceVersionDate "2015.06.18"]
[SourceQuality "1"]

1. e4 g6 2. d4 Bg7 3. c3 d6 4. Be3 Nc6 5. f3 e5 6. dxe5 dxe5 7. Na3 Qxd1+ 8. Rxd1 a6 9. Bc4 Nf6 10. g4 0-0 11. g5 Nh5 12. Ne2 Bh3 13. Kf2 h6 14. Ng1 Bc8 15. h4 hxg5 16. hxg5 Rd8 17. Ne2 Be6 18. Bxe6 fxe6 19. Nc2 Bf8 20. Kg2 Be7 21. Kh3 Rf8 22. Rhf1 Rf7 23. Rd7 Rc8 24. Kg4 Nb8 25. Rdd1 Bd6 26. Ne1 Rcf8 27. Nd3 Nd7 28. Ng3 Nf4 29. Bxf4 exf4 30. Ne2 e5 31. Rh1 Rh7 32. Rxh7 Kxh7 33. c4 Kg7 34. Rh1 Rd8 35. b4 c6 36. c5 Bc7 37. Rd1 Nf8 38. Nb2 Rxd1 39. Nxd1 a5 40. a3 axb4 41. axb4 b6 42. Nb2 bxc5 43. bxc5 Kf7 44. Nd3 Ke6 45. Nc3 Kd7 46. Na2 Kc8 47. Nab4 Kb7 48. Kh3 Nd7 49. Nd5 cxd5 50. exd5 Kc8 51. d6 Bb8 52. c6 Nf8 53. c7 Bxc7 54. dxc7 Nd7 55. Ne1 Kxc7 56. Ng2 Kd6 57. Nh4 Nf8 58. Kg2 Ke6 59. Kh3 Kd5 60. Kg2 Ke6 61. Kh3 Kf7 62. Ng2 Ne6 63. Kg4 Nd4 64. Ne1 Nf5 65. Nd3 Ne3+ 66. Kh3 Ke6 67. Nf2 Kf5 68. Ne4 Nc4 69. Kh4 Ke6 70. Nc5+ Kf5 71. Ne4 Ne3 72. Nd6+ Ke6 73. Ne4 Nc4 74. Kg4 Kd5 75. Kh3 Nd6 76. Nf6+ Kd4 77. Kg4 Ke3 78. Nd5+ Kf2 79. Ne7 Nc4 80. Nxg6 Ne3+ 81. Kh3 Kxf3 82. Nxe5+ Ke4 83. g6 Nf5 84. Nf7 Ng7 85. Kg4 f3 86. Ng5+ Ke5 87. Nxf3+ Kf6 88. Nh4 Ne6 89. Kh5 Nf8 90. Kg4 Nxg6 91. Nxg6 Kxg6 1/2-1/2

[Event "Gibraltar Challengers-A 12th"]
[Site "Caleta"]
[Date "2014.01.30"]
[Round "4"]
[White "Congiu, Mathilde"]
[Black "Karlsson, Jorgen"]
[Result "1-0"]
[WhiteElo "2226"]
[BlackElo "2140"]
[PlyCount "49"]
[EventDate "2014.01.27"]
[EventType "swiss"]
[EventRounds "5"]
[EventCountry "GGB"]
[SourceTitle "CBM 158 Extra"]
[Source "ChessBase"]
[SourceDate "2014.02.28"]
[SourceVersion "1"]
[SourceVersionDate "2014.02.28"]
[SourceQuality "1"]

1. e4 g6 2. d4 Bg7 3. Nc3 a6 4. f4 b5 5. Nf3 Bb7 6. Bd3 e6 7. 0-0 Nc6 8. e5 f5 9. exf6 Nxf6 10. d5 exd5 11. f5 gxf5 12. Nh4 Ne7 13. Bg5 0-0 14. Nxf5 Nxf5 15. Bxf5 Qe7 16. Qd3 Qc5+ 17. Kh1 Ne4 18. Nxe4 dxe4 19. Qh3 Rxf5 20. Rxf5 Qc6 21. Raf1 e3 22. Bxe3 Re8 23. Rg5 h6 24. Rxg7+ Kxg7 25. Bd4+ 1-0